000 00775nab a2200241u 4500
001 08121
003 HDC
007 c| |||a|c|aaaa
008 210129b20171222my ||||| |||| 00| 0 may d
040 _aHDC
100 _aZulhilmi Zainal
_eauthor
_98645
245 0 _aEmpat lagi kosmetik beracun dikenal pasti /
_cZulhilmi Zainal
336 _atext
_2rdacontent
337 _acomputer
_2rdamedia
338 _aonline resource
_2rdacarrier
650 _aCosmetics
_924
650 _aPoisonous cosmetics
_98646
710 _aUtusan Malaysia
856 _zRequest full-text at [email protected]
942 _2lcc
942 _cNEWS
942 _kNWSC 001482
999 _c5444
_d5444